000 00562nam a2200217Ia 4500
005 20240613024730.0
008 240331s9999 xx 000 0 und d
020 _a9789556593150
082 _bHAN
_a950
245 0 _aHandy Perinbanayagam :
_bA Memorial Volume
250 _aRevised Edition
260 _aChennai
_bKumaran Book House
_c2012
300 _axix, 339 p .,
650 _aPolitics
650 _aLanguage Rights
650 _aFreedom of Expression
650 _aCultural
650 _aReligion
700 _aKadirgamar, Santasilan
942 _cL
999 _c5665
_d5665